| 000 | 00389pab a2200145 454500 | ||
|---|---|---|---|
| 008 | 180718b1997 xxu||||| |||| 00| 0 eng d | ||
| 100 | _aDasgupta, Biplab | ||
| 245 | _aSAP: issues and conditionalities: a global review | ||
| 260 | _c1997 | ||
| 300 | _ap.1091-1104 | ||
| 362 | _a17 & 24 May | ||
| 650 | _aStructural adjustment | ||
| 773 | _aEconomic and Political Weekly | ||
| 909 | _a34586 | ||
| 999 |
_c34586 _d34586 |
||